000 00759nam a2200217Ia 4500
003 OSt
005 20260611105840.0
008 210210b2002 xxu||||| |||| 00| 0 eng d
040 _cAL
041 _aKonkani
082 _a491.463 SHEK
100 _aSHENAI (Vasti Pundalik).
_dವಸ್ತಿ ಪುಂಡಲೀಕ ಶೆಣೈ
_9265622
245 _aKarnatakanth ulovche konkani shabdh sangrah.
_bಕರ್ನಾಟಕಾಂತ್ ಉಲೊವ್ಚೆ ಕೊಂಕಣಿ ಶಬ್ದ್ ಸಂಗ್ರಹ್
260 _aMangalore
_bKarnataka Konkani Sahitya Akademy.
_c2002
300 _a185
650 _aKonkani Shabdh Sangrah
_9265623
650 _aShenoy
_9265625
690 _aKonkani Dictionary
_9265624
906 _a058617
942 _2ddc
_cBK
999 _c105686
_d105686